| 000 | 01661nab a2200265 a 4500 | ||
|---|---|---|---|
| 005 | 20250203075321.0 | ||
| 007 | ta | ||
| 008 | 250128e2009 dr uu|p|r||||||0| | spa d | ||
| 022 | _a2636-1981 | ||
| 040 |
_aDO-SdBNP _cDO-SdBNP _erda |
||
| 041 | _hspa | ||
| 100 |
_aGil Ángeles, Juan _986921 _eeditor |
||
| 245 |
_aR.D & Geología / _cJuan Gil Ángeles |
||
| 264 |
_aSanto Domingo, República Dominicana : _bSociedad Dominicana de Geología (SODOGEO), _c2009. |
||
| 300 |
_apágina 2 ; _c28 cm |
||
| 310 | _aDesconocida. | ||
| 336 |
_atexto _btxt _2rdaconten |
||
| 337 |
_asin mediación _bn _2rdamedia |
||
| 338 |
_avolumen _bnc _2rdacarrier |
||
| 362 | _aVolumen 6, No. 24, Mayo 2009. | ||
| 521 | _aA principios de este siglo y ante el interés de nuestro país por relanzar nuestra industria minera como consecuencia de la reapertura de la mina de oro de Pueblo Viejo; de la instauración de una Secretaría de Estado de Medio Ambiente y Recursos Naturales y la promulgación de la ley sobre el Medio Ambiente; del vertiginoso desarrollo de la industria de la construcción que incluía edificaciones de gran envergadora, así como los acuciantes conflictos originados con la extracción de agregados para la construcción, la Sodogeo comprendió la urgente necesidad de formar en el país profesionales y técnicos en Geología para hacer frente a los requerimientos de todas esas actividades de tipo minero, ambiental y geotecnico... | ||
| 650 | 0 |
_aGeología _926253 _vPublicaciones periódicas _zRepública Dominicana |
|
| 773 | 0 |
_058091 _9320150 _aSociedad Dominicana de Geología (SODOGEO) _o2025-0488 _tGeo noticias / _x2636-1981 |
|
| 942 |
_2ddc _cISSUE |
||
| 999 |
_c58092 _d58092 |
||